Представление документа в формате MARC21

Поле Инд. ПП Название Значение
Тип записи a
Библиографический уровень b
001 Контрольный номер 4665293e43b84440811f84412e5934b0
005 Дата корректировки 20210421095609.6
040 a Служба первич. каталог. НБ ТвГУ
b Код языка каталог. rus
e Правила каталог. PSBO
041 0_ a Код языка текста rus
097 b Оператор Komarova.ES
245 10 a Заглавие Флора Транссибирской железнодорожной магистрали и ее сопряженность с характеристиками естественных биомов на территории Байкальской Сибири
260 a Место издания Тверь
504 a Библиография Библиогр.: с. 99 (12 назв.)
520 0_ a Аннотация Проведена инвентаризация чужеродных и аборигенных видов растений вдоль Транссибирской магистрали на участке Тайшет – Улан-Удэ, длина которого составляет 1126 км (12% Транссиба). Выявлена корреляция между характеристиками биомов и основными флористическими показателями. Исследованы 13 железнодорожных станций и участки полотна железной дороги, расположенные в трех естественных биомах. На каждом участке заложены площадки размером 100 м? в трех различных экотопах: на железнодорожном полотне, на откосах и на подошве железнодорожной насыпи в начале полосы отчуждения. Всего составлено 51 геоботаническое описание. Выявлено 266 видов сосудистых растений: 36 древесных, 169 травянистых поликарпиков и 61 травянистый монокарпик. Самое высокое число видов (175) произрастают в наиболее влагообеспеченном Таежном Южносибирском Восточносаянском биоме. 30 видов встречаются во всех трех изученных биомах, более половины из них отмечены нами ранее и на европейском участке Транссибирской магистрали: Acer negundo, Amaranthus retroflexus, Artemisia sieversiana, A. vulgaris, Bromopsis inermis, Convolvolus arvensis, Elytrigia repens, Equisetum arvense, Euphrasia stricta, Kochia scoparia, Medicago falcata, M. lupulina, Odontites vulgaris, Polygonum aviculare, Poa pratensis, Raphanus raphanistrum, Sonchus arvensis, Vicia cracca. Во всех биомах минимальное число видов растет непосредственно на железнодорожном полотне. При этом в обоих Таежных биомах (Восточносаянском и Сохондинском) больше всего видов обнаружено на откосах, а в Бореальном Ангарском подтаежном биоме – в полосе отчуждения. Высокое сходство набора видов (Ks > 50%) наблюдается в Бореальном Ангарском подтаежном биоме и Таежном Южносибирском Восточносаянском биоме для откосов железной дороги и для полосы отчуждения, что отражает наличие «коридора», позволяющего видам, в том числе и инвазионным, расселяться вдоль железной дороги. Значимая положительная корреляция отмечена между численностью «железнодорожных» видов и среднегодовым количеством осадков, и в меньшей степени, среднегодовой температурой биома. Всего треть из выявленных «железнодорожных» видов встречаются как в Байкальской Сибири, так и в европейской части России, и почти половину из них составляют чужеродные таксоны. Число инвазионных видов на Транссибе существенно снижается по направлению с запада (17 видов) на восток (4 вида). Флора Транссибирской магистрали в Байкальской Сибири более обособлена от природной флоры региона, чем в европейской части России, поскольку, а) отсутствует корреляция между численностью «железнодорожных» видов и общей численностью видов сосудистых растений, зарегистрированных в биоме; б) сходство флор трех сибирских биомов отмечено не только по откосам дорог, но и в полосе отчуждения.
653 0_ a Ключевые слова Биома
a Ключевые слова Байкальская Сибирь
a Ключевые слова Естественные биомы
a Ключевые слова Биология
a Ключевые слова Железная дорога
a Ключевые слова Чужеродные виды растений
a Ключевые слова Белгород, город
a Ключевые слова Транссибирская магистраль
700 12 a Другие авторы Галкина Мария Андреевна
q Полное имя Галкина М. А.
700 12 a Другие авторы Калюжный Сергей Сергеевич
q Полное имя Калюжный С. С.
700 12 a Другие авторы PERGL Jan
700 12 a Другие авторы Тохтарь Валерий Константинович
q Полное имя Тохтарь В. К.
700 12 a Другие авторы Виноградова Юлия Константиновна
q Полное имя Виноградова Ю. К.
773 18 w Контрольный № источника b93ccaa61e244d3ab634e3490018c308
t Название источника Вестник Тверского государственного университета. Серия Биология и экология
d Место и дата издания Тверь, 2021
g Прочая информация № 1. - С. 82-101
856 40 u URL http://eprints.tversu.ru/10435/
x Примечание для ЭОР Реестр суммарного учета сетевых локальных документов
i Дата подключения ЭОР 20210421
901 t Тип документа b
920 a Оператор Кома
954 b Дата поступления в ОК 20210421